| 000 | 00500pab a2200181 454500 | ||
|---|---|---|---|
| 008 | 180718b2013 xxu||||| |||| 00| 0 eng d | ||
| 100 | _aTyagi, Dushyant | ||
| 245 | _aIs high fiscal deficit bad for growth? an empirical evidence from India, 1990-91 to 2009-10 | ||
| 260 | _c2013 | ||
| 300 | _ap.255-266. | ||
| 362 | _aOct | ||
| 650 | _aDeficit financing - India | ||
| 650 | _aFinance - India | ||
| 650 | _aFinance | ||
| 773 | _aIndian Journal of Economics | ||
| 908 | _aN | ||
| 909 | _a104156 | ||
| 999 |
_c104152 _d104152 |
||